000 00537nam a2200193Ia 4500
005 20250923150158.0
008 008 250917s9999 xx 000 0 eng d
037 _aTextual
040 _aDSWL
_beng
_cDSWL
041 _aeng
_2eng
084 _aYX,ZD, P4
_qDSWL
245 0 _aHandbook of community practice
_cEd.by Marie Weil
260 _aThousand Oaks
_b Sage Publications USA
_c2005
300 _a708 p.
365 _aUSD
_b125 . 0
925 _g125 . 0
942 _cTEXL
_hYX,ZD, P4
999 _c1460474
_d1460474